Veľký obrázkový slovník slovensko-anglicko-nemecký

Bibliographic Details
Main Author: Scarry, Richard, 1919-1994 (Author, Illustrator)
Other Authors: Švenková, Viera, 1937- (Translator)
Format: Book
Language:Slovak
English
German
PhysicalDescription:95 s. 30 cm
Published: Bratislava Mladé letá 1990
ISBN:800600188X
Edition:1. vyd.
Subjects:

MARC

LEADER 00000cam a2200000 a 4500
001 vtls001064793
003 SK-MaSNL
005 20260425234206.0
008 210928s1990 xo a b d 00000 slo
015 |a SNBA1991/06 
020 |a 800600188X  |q (viaz.) 
035 |a SNK000007623 
040 |a SNK  |b slo  |c SNK  |e AACR2 
041 1 |a slo  |a eng  |a ger  |h eng 
044 |a xo  |c SK 
080 |a 801.323.2=854=20=30  |2 1981 
100 1 |a Scarry, Richard,  |d 1919-1994  |4 aut  |9 220259 
240 1 0 |a Best Word Book Ever  |l Slovensky 
245 1 0 |a Veľký obrázkový slovník slovensko-anglicko-nemecký  |c Richard Scarry ; preložila Viera Švenková ; ilustroval Richard Scarry 
250 |a 1. vyd. 
260 |a Bratislava  |b Mladé letá  |c 1990  |e Bratislava  |f Polygrafické závody 
300 |a 95 s.  |c 30 cm 
500 |a Mimo edície 
521 1 |a Pre najmenších 
650 0 7 |a slovenčina  |2 SNKPH  |9 1350 
650 0 7 |a angličtina  |2 SNKPH  |9 1260 
650 0 7 |a nemčina  |2 SNKPH  |9 1384 
655 7 |a publikácie pre deti  |2 SNKPH  |9 70148 
655 7 |a obrázkové slovníky  |2 SNKPH  |9 329758 
700 1 |a Švenková, Viera,  |d 1937-  |4 trl 
700 1 |a Scarry, Richard,  |d 1919-1994  |4 ill  |9 220259 
852 |a Slovenská národná knižnica 
919 |a 80-06-00188-X 
999 |c 787161  |d 789091 
952 |a SNK  |b SNK  |y PREZ  |7 0  |p 17A1026419  |o snkSB 47954 D1  |i snk2012/12076  |8 1  |0 0  |1 0  |4 0  |d 2012-06-20  |l 0  |r 2026-02-24 01:24:25  |w 2026-02-24 
952 |a SNK  |b SNK  |y PREZ  |7 0  |p 17A0807206  |o snkSB 47954  |i snkKSP 3212/91  |0 0  |1 0  |4 0  |d 2015-02-16  |l 0  |r 2025-02-13 00:00:00  |w 2026-02-24